000 00494nam a2200181Ia 4500
005 20250508152906.0
008 008 250505s9999 xx 000 0 hin d
037 _aTextual
040 _aFEDL
_beng
_cFEDL
041 _ahin
_2eng
084 _a891.43, SAR
_qFEDL
100 _aBharat Bhushan Saroj
_9762666
245 0 _aSahityik nibandh
260 _aDelhi, India
_bYoungman and Company
_c1962
300 _a375p
942 _cTEXL
_h891.43, SAR
999 _c1339444
_d1339444